| 000 | 00479nam a22001937a 4500 | ||
|---|---|---|---|
| 003 | MPLRDC | ||
| 005 | 20220104124636.0 | ||
| 008 | 210129b ||||| |||| 00| 0 eng d | ||
| 020 | _a986-127-496-0 | ||
| 082 | _a857.62 DIN-2 v.2 | ||
| 100 | _aS. S. VAN DINE | ||
| 245 |
_a班森杀人事件 _c祁霖 译 |
||
| 250 | _a初版 | ||
| 260 |
_a台湾 _b侦查馆 _c2006 |
||
| 300 | _b303 | ||
| 490 | _a大师经典: 02 | ||
| 650 | _a推理小说 | ||
| 942 |
_cBK _o857.62 DIN-2 v.2 |
||
| 999 |
_c20978 _d20968 |
||